| 000 | 01314cam a2200265 4500 | ||
|---|---|---|---|
| 001 | J122813 | ||
| 008 | 030630n2002 000 0 eng u | ||
| 022 | _a1354-506X | ||
| 035 | _a(Sirsi) u122813 | ||
| 041 | _aeng | ||
| 050 |
_a346.4104343 _c18 |
||
| 100 | _aDownie, Mary-Lou | ||
| 245 | _aManaging tenant mix in shopping centres in the United Kingdom | ||
| 260 |
_aLondon _bRICS Foundation _c2002 |
||
| 490 |
_aRICS Foundation Research Papers _v4(14) |
||
| 520 | _aThe variety and location of retailers within a group of shops, known as 'tenant mix', has been identified as a critical factor in the success or failure of purpose-built shopping centres. There have been numerous studies made of the impact tenant mix can have on profitability, but less is known about the way in which landlord-investors approach the allocation of leases within shopping centres. This study aims to increase understanding of how they perceive and manage tenant mix. | ||
| 650 | _aRETAIL PROPERTY | ||
| 650 | _aSHOPPING CENTRES | ||
| 650 | _aTENANT MIX | ||
| 690 | _aPROPERTY-COMMERCIAL PROPERTY-RETAIL PROPERTY | ||
| 700 | _aFisher, Peter | ||
| 700 | _aWilliamson, Cheryl | ||
| 856 | 4 | 0 |
_uhttps://www.rics.org/Global/Downloads/ManagingTenantMixShoppingCentres2002.pdf _zView the item at www.rics.org. |
| 942 | _n0 | ||
| 999 |
_c102937 _d102937 |
||